000 00719nam a2200217Ia 4500
005 20251020182547.0
008 200515s9999 xx 000 0 und d
082 _a749.10/T95
100 _aTURNER, Janet
245 0 _aDiseño con luz en espacios públicos : soluciones de iluminación para exhibiciones museos y lugares históricos
260 _aMéxico, D.F.
260 _c2000
300 _a159
520 _aIluminación de exposiciones, museos y edificios antiguos. Información detallada sobre problemas de conservación, sistemas de iluminación, lámparas y accesorios
650 _aGALERIAS
650 _aILUMINACION
650 _aLIB
650 _aLUMINOTECNIA
650 _aMUSEOS
942 _cLIB
999 _c2596
_d2596